Gestió de la tresoreria : informe anual : [2005] informe anual :
Descripción Física:
18 f. ; 29 cm
Materias:
Gestió de tresoreria
MARC
| LEADER | 00000nam a2200000Ia 4500 | ||
|---|---|---|---|
| 001 | 21657 | ||
| 008 | 160829s2006 xx 000 0 cat d | ||
| 080 | |a FU-42-16 | ||
| 245 | |a Gestió de la tresoreria : |b informe anual : |b [2005] | ||
| 260 | |a Barcelona : |b Diputació de Barcelona. Àrea de Govern Local. Tresoreria, |c 2006 | ||
| 300 | |a 18 f. ; |c 29 cm | ||
| 650 | |a Gestió de tresoreria |9 38308 | ||
| 710 | 1 | |a Barcelona (Catalunya : Província). |b Servei de Tresoreria |9 55056 | |
| 901 | |a Arxiu | ||
| 942 | |n 1 | ||
| 952 | |0 0 |1 0 |4 0 |6 FU4216 |7 1 |9 52551 |a Arxiu |b Arxiu |d 2016-12-01 |l 0 |o FU-42-16 |p 21657 |r 2016-12-01 00:00:00 |w 2016-12-01 |y ARXIU | ||
| 999 | |c 56400 |d 56400 | ||